000 01477nam a2200241Ia 4500
003 Ost
005 20260507075751.0
008 260507s9999||||xx |||||||||||||| ||und||
020 _a9789931140191
040 _cfsecg
041 _aara
082 _a332.4044
100 _aمفلاح، حسيبة
_eمؤلف
245 0 _aالدور الإدخاري للوساطة المالية :
_bحالة الجزائر والدول العربية /
_c حسيبة مفلاح
260 _aالجزائر:
_bدار أجيال الرقمي ,
300 _a275 صفحة؛
_bإيضاحات ؛
_c24 سم
504 _aببليوغرافيا: ص ص.251-265 ملاحق: ص269-275
520 _aيتناول هذا الكتاب موضوع للوساطة المالية المصرفية وغير المصرفية مع المخاطر التي تواجهها وطبيعة الوساطة المالية في سوق الأوراق المالية أيضا الإدخار وأدوات تعبئته في مؤسسات الوساطة المالية وأخيرا دور الوساطة المالية في تعبئة الإدخار في الجزائر والدول العربية، كما يعرض أهم التحديات التي تواجهها الوساطة المالية في تعبئة الادخار المتطلب منها على مستوى الوطن العربي.
653 _aالإدخار
653 _aالأوراق المالية
653 _aالمالية
942 _cكتاب
999 _c46226
_d46226